[Event "37. Activity-Cup"]
[Site "Tennispoint Vienna, 1030 Wien,"]
[Date "2025.04.14"]
[Round "1.1"]
[White "Sammer, Alisa"]
[Black "Knittel-Templ, Richard"]
[Result "0-1"]
[WhiteElo "1300"]
[BlackElo "1659"]
[PlyCount "57"]
[EventDate "2025.04.14"]

1. e4 c5 2. Nf3 Nc6 3. d4 cxd4 4. Nxd4 e5 5. Nf3 Bc5 6. Nc3 Nge7 7. Bc4 O-O 8.
O-O d6 9. Bg5 Be6 10. Nd5 Qd7 11. Bb3 Bxd5 12. Bxd5 Nxd5 13. Qxd5 Qe6 14. c3 a5
15. a3 a4 16. Rad1 Qxd5 17. Rxd5 f6 18. Bd2 f5 19. exf5 Ne7 20. Rd3 e4 21. Bg5
Nxf5 22. Rd2 exf3 23. gxf3 h6 24. Be3 Nxe3 25. fxe3 Bxe3+ 26. Rdf2 Rxf3 27. Kg2
Rxf2+ 28. Rxf2 Bxf2 29. Kxf2 0-1

[Event "37. Activity-Cup"]
[Site "Tennispoint Vienna, 1030 Wien,"]
[Date "2025.04.14"]
[Round "1.2"]
[White "Penker, Dominic"]
[Black "Hegedüs-Möderndorfer, Theodor"]
[Result "1-0"]
[WhiteElo "1610"]
[BlackElo "1291"]
[PlyCount "63"]
[EventDate "2025.04.14"]

1. d4 e6 2. Bf4 d5 3. Nc3 Nf6 4. Nb5 Na6 5. e3 Bd7 6. Nf3 Bxb5 7. Bxb5+ c6 8.
Bxa6 bxa6 9. Qd3 Qa5+ 10. c3 Be7 11. O-O Ne4 12. a4 c5 13. Ne5 c4 14. Nxc4 Nxf2
15. Rxf2 dxc4 16. Qxc4 O-O 17. b4 Qb6 18. Rb2 Rfc8 19. Qb3 Bd6 20. Bxd6 Qxd6
21. c4 e5 22. c5 Qc7 23. d5 f6 24. d6+ Qf7 25. Qd3 Rc6 26. Rc1 Rd8 27. b5 axb5
28. axb5 Rdxd6 29. bxc6 Rxd3 30. Rb8+ Qf8 31. Rxf8+ Kxf8 32. c7 1-0

[Event "37. Activity-Cup"]
[Site "Tennispoint Vienna, 1030 Wien,"]
[Date "2025.04.14"]
[Round "1.3"]
[White "Boldog, Konstantin"]
[Black "Wang, Yufan"]
[Result "0-1"]
[WhiteElo "1230"]
[BlackElo "1529"]
[Annotator "Fesselung"]
[PlyCount "78"]
[EventDate "2025.04.14"]

1. e4 c6 2. Nc3 d5 3. d3 dxe4 4. Nxe4 Nf6 5. Nc3 e6 6. Nf3 Be7 7. Bf4 O-O 8. d4
Qb6 9. Rb1 Nbd7 10. Bc4 Qd8 11. O-O Nb6 12. Bd3 Re8 13. b3 Nbd5 14. Qd2 Bb4 15.
Qc1 Nxc3 16. Ra1 Ncd5 17. Bd2 Bxd2 18. Qxd2 h6 19. Rfe1 Bd7 20. h3 Qb6 21. Bc4
Qb4 22. c3 Qxc3 23. Qxc3 Nxc3 24. Rec1 Ncd5 25. Re1 Nb6 26. Ne5 Rac8 27. Rad1
Red8 28. a4 Nxc4 29. bxc4 c5 30. a5 Ba4 31. Rd2 Rxd4 32. Rxd4 cxd4 33. Ra1 Bc2
34. Rc1 d3 35. Nf3 Rc5 36. Nd2 Re5 37. Kf1 Re2 38. Nb3 Bxb3 39. Rb1 Bxc4 0-1

[Event "37. Activity-Cup"]
[Site "Tennispoint Vienna, 1030 Wien,"]
[Date "2025.04.14"]
[Round "1.4"]
[White "Brezlan, Noel"]
[Black "Leitgeb, Paul"]
[Result "1-0"]
[WhiteElo "1515"]
[BlackElo "1228"]
[PlyCount "101"]
[EventDate "2025.04.14"]

1. d4 d6 2. Nf3 Bg4 3. Bf4 f6 4. e3 Bxf3 5. Qxf3 g5 6. Qh5+ Kd7 7. Bg3 e6 8.
Nc3 Nc6 9. d5 Nb4 10. Qf7+ Qe7 11. dxe6+ Kd8 12. Bd3 Qxf7 13. exf7 Bh6 14.
fxg8=Q+ Rxg8 15. O-O Nxd3 16. cxd3 f5 17. Rac1 f4 18. exf4 gxf4 19. Bh4+ Kd7
20. Rce1 f3 21. g3 Bd2 22. Re7+ Kc6 23. Rxh7 Bxc3 24. bxc3 Kd5 25. Rxc7 Rg6 26.
Rxb7 Rh8 27. Be7 Rg7 28. c4+ Kc6 29. Bf6 Kxb7 30. Bxg7 Rh5 31. d4 Ra5 32. h4
Rxa2 33. h5 Rc2 34. h6 Rxc4 35. h7 Rc8 36. h8=Q Rxh8 37. Bxh8 a5 38. g4 a4 39.
g5 Kc7 40. Ra1 Kd7 41. Kh2 Ke7 42. Kg3 Kf7 43. Kf4 Kg6 44. Rh1 a3 45. Rh6+ Kf7
46. Kf5 a2 47. g6+ Kg8 48. d5 Kf8 49. Bf6 Ke8 50. Ke6 Kf8 51. Rh8# 1-0

[Event "37. Activity-Cup"]
[Site "Tennispoint Vienna, 1030 Wien,"]
[Date "2025.04.14"]
[Round "1.5"]
[White "Dakhane, Aura"]
[Black "Tschandl, Julius Henry"]
[Result "0-1"]
[WhiteElo "1222"]
[BlackElo "1474"]
[Annotator "Fesselung"]
[PlyCount "114"]
[EventDate "2025.04.14"]

1. d4 Nf6 2. e3 d5 3. Bd3 e6 4. Nd2 c5 5. c3 Be7 6. f4 Nc6 7. Ngf3 b6 8. O-O
O-O 9. Ne5 Nxe5 10. fxe5 Nd7 11. Bxh7+ Kxh7 12. Qh5+ Kg8 13. Rf3 g6 14. Qh6 Bg5
15. Qh3 Kg7 16. Rg3 Rh8 17. Qg4 Rh5 18. Nf3 Be7 19. h4 Bb7 20. Ng5 Bxg5 21.
hxg5 a6 22. Bd2 Qh8 23. Rf1 Rh1+ 24. Kf2 Rxf1+ 25. Kxf1 a5 26. Rf3 Ba6+ 27. Ke1
Qh1+ 28. Kf2 Rh8 29. Qf4 Qh4+ 30. Qxh4 Rxh4 31. Rh3 Rxh3 32. gxh3 b5 33. dxc5
Nxc5 34. b4 axb4 35. cxb4 Ne4+ 36. Ke2 Nxg5 37. h4 Ne4 38. Kd3 Kh6 39. Be1 Kg7
40. Bd2 f6 41. Bc1 fxe5 42. Bb2 Kf6 43. Bc1 Nd6 44. Bd2 Nc4 45. Be1 Kf5 46. Bf2
Kg4 47. Be1 Kf3 48. Kc3 Nxe3 49. Bd2 Ng2 50. Be1 Nxe1 51. a4 Kg4 52. axb5 Bxb5
53. Kd2 Kxh4 54. Kxe1 Kg3 55. Kd2 g5 56. Kd1 g4 57. Kd2 Kf3 0-1

[Event "37. Activity-Cup"]
[Site "Tennispoint Vienna, 1030 Wien,"]
[Date "2025.04.14"]
[Round "1.6"]
[White "Mitu, Robert"]
[Black "Kellner, Peter"]
[Result "1-0"]
[WhiteElo "1468"]
[BlackElo "1200"]
[PlyCount "57"]
[EventDate "2025.04.14"]

1. e4 e5 2. Nf3 Bc5 3. Nxe5 d6 4. Nf3 Nh6 5. d4 Bb4+ 6. c3 Ba5 7. b4 Bb6 8. a4
Ng4 9. h3 Nf6 10. a5 Bxa5 11. bxa5 Nxe4 12. Qe2 d5 13. Nfd2 Qe7 14. f3 Nxd2 15.
Qxe7+ Kxe7 16. Bxd2 Re8 17. Be2 Kf8 18. Kf2 Bf5 19. Re1 Bxb1 20. Raxb1 b6 21.
Bb5 Rxe1 22. Rxe1 c6 23. Bf4 Nd7 24. Bxc6 Nf6 25. Bxa8 bxa5 26. Bd6+ Kg8 27.
Rb1 a4 28. Rb8+ Ne8 29. Rxe8# 1-0

[Event "37. Activity-Cup"]
[Site "Tennispoint Vienna, 1030 Wien,"]
[Date "2025.04.14"]
[Round "1.7"]
[White "Kofler, Anton"]
[Black "Knittel-Templ, Arnold"]
[Result "0-1"]
[WhiteElo "1200"]
[BlackElo "1451"]
[Annotator "Turmendspiel"]
[PlyCount "132"]
[EventDate "2025.04.14"]

1. d4 d5 2. Nc3 Nf6 3. Bf4 Bf5 4. Nf3 Nc6 5. Nb5 Rc8 6. e3 a6 7. Nc3 e6 8. Bd3
Bg6 9. Bxg6 hxg6 10. Be5 Bd6 11. Bxd6 cxd6 12. O-O Qb6 13. Na4 Qc7 14. b3 b5
15. Nc3 Nb4 16. Ne2 Qxc2 17. Qxc2 Rxc2 18. Nc1 Ke7 19. a3 Nc6 20. Nd3 Na7 21.
Nb4 Rcc8 22. Nxa6 Nc6 23. Nb4 Nxb4 24. axb4 Rhd8 25. Ng5 Ne4 26. Ra7+ Rd7 27.
Rxd7+ Kxd7 28. Nxe4 dxe4 29. Ra1 Rc7 30. h3 d5 31. Kh2 Rc2 32. Kg3 g5 33. Ra7+
Ke8 34. f3 exf3 35. Ra8+ Ke7 36. Ra7+ Kf6 37. gxf3 Rc3 38. Rb7 Rxe3 39. Rxb5
Rxb3 40. Rb8 e5 41. Rb5 exd4 42. Rxd5 Rxb4 43. f4 gxf4+ 44. Kxf4 d3+ 45. Ke3
Rb3 46. Rxd3 Rxd3+ 47. Kxd3 Kg5 48. Ke4 Kh4 49. Kf5 Kh5 50. Kf4 g5+ 51. Kg3 f5
52. Kf3 Kh4 53. Kg2 f4 54. Kh2 f3 55. Kh1 Kxh3 56. Kg1 g4 57. Kh1 g3 58. Kg1
f2+ 59. Kf1 Kh2 60. Ke2 g2 61. Kxf2 g1=Q+ 62. Kf3 Qd4 63. Ke2 Kg3 64. Ke1 Qb2
65. Kd1 Kf3 66. Ke1 Qe2# 0-1

[Event "37. Activity-Cup"]
[Site "Tennispoint Vienna, 1030 Wien,"]
[Date "2025.04.14"]
[Round "1.8"]
[White "Fischer, Niko Benedikt"]
[Black "Neuhold, Maximilian"]
[Result "1-0"]
[WhiteElo "1384"]
[BlackElo "1200"]
[Annotator "Fesselung, Überlastung"]
[PlyCount "77"]
[EventDate "2025.04.14"]

1. e4 e5 2. Nf3 Nc6 3. Nc3 Be7 4. d4 d6 5. d5 Nb8 6. Be3 Nf6 7. Bd3 O-O 8. Qe2
Ng4 9. h3 Nxe3 10. Qxe3 Na6 11. a3 Nc5 12. b4 Nxd3+ 13. Qxd3 c6 14. O-O cxd5
15. Nxd5 Be6 16. Nxe7+ Qxe7 17. Rad1 Rfd8 18. Rd2 Rd7 19. Rfd1 Rad8 20. Qe3 b6
21. Rd3 Bc4 22. Rc3 b5 23. a4 a6 24. Qb6 Ra7 25. Nxe5 $1 Qxe5 26. Rxc4 $2 bxc4
27. Qxa7 Qxe4 28. Qxa6 d5 29. Qb7 g6 30. f3 Qf5 31. Qe7 Rd7 32. Qe8+ Kg7 33.
Re1 Rd6 34. Qe7 Qf6 35. Qxf6+ Kxf6 36. Ra1 Ra6 37. a5 Ra8 38. a6 Ke7 39. b5 1-0

[Event "37. Activity-Cup"]
[Site "Tennispoint Vienna, 1030 Wien,"]
[Date "2025.04.14"]
[Round "1.9"]
[White "Sponer, Moritz"]
[Black "Schlossnikl, Caroline"]
[Result "0-1"]
[WhiteElo "1200"]
[BlackElo "1375"]
[PlyCount "72"]
[EventDate "2025.04.14"]

1. e4 c5 2. c4 Nc6 3. Nc3 Nf6 4. Nf3 d6 5. d3 Bg4 6. h3 Bh5 7. Be2 Bxf3 8. Bxf3
g6 9. Be3 Bg7 10. O-O O-O 11. Nd5 Nxd5 12. cxd5 Nd4 13. Bxd4 Bxd4 14. Rb1 Qa5
15. a4 Qb4 16. b3 a6 17. Qe1 Bc3 18. Qd1 b5 19. axb5 axb5 20. g3 Ra3 21. Qc2
Rfa8 22. Qd1 Ra2 23. Bg4 Rd2 24. Qf3 Raa2 25. Ra1 Bxa1 26. Be6 fxe6 27. dxe6
Bf6 28. h4 h5 29. g4 Qxb3 30. g5 Rxd3 31. gxf6 Rxf3 32. fxe7 Rg3+ 33. Kh1 Ra8
34. fxg3 Qxg3 35. Rf7 Ra1+ 36. Rf1 Rxf1# 0-1

[Event "37. Activity-Cup"]
[Site "Tennispoint Vienna, 1030 Wien,"]
[Date "2025.04.14"]
[Round "2.1"]
[White "Knittel-Templ, Richard"]
[Black "Fischer, Niko Benedikt"]
[Result "1-0"]
[WhiteElo "1659"]
[BlackElo "1384"]
[PlyCount "85"]
[EventDate "2025.04.14"]

1. e4 e5 2. Nf3 Nc6 3. Bc4 Nf6 4. d3 Ng4 5. Bxf7+ Kxf7 6. Ng5+ Kg8 7. Qxg4 d6
8. Qd1 Be7 9. Nf3 Bg4 10. h3 Bh5 11. Be3 Nd4 12. Nbd2 Nxf3+ 13. Nxf3 Qf8 14. g4
Bf7 15. Ng5 Bxg5 16. Bxg5 h6 17. Be3 Rh7 18. c4 Kh8 19. Qb3 b6 20. a4 Qg8 21.
a5 Rb8 22. axb6 axb6 23. Ra7 b5 24. Qc2 bxc4 25. dxc4 Bxc4 26. Rxc7 Bb3 27. Qc3
Ra8 28. O-O Qb8 29. Rc1 Be6 30. Qc6 Qe8 31. Qxe8+ Rxe8 32. Rd1 Bb3 33. Rxd6 Be6
34. Rxe6 Rg8 35. Rxe5 Rf8 36. Ree7 Rg8 37. Bd4 Rd8 38. b4 h5 39. g5 h4 40. g6
Rh5 41. Bxg7+ Kg8 42. Bf6 Rd1+ 43. Kg2 1-0

[Event "37. Activity-Cup"]
[Site "Tennispoint Vienna, 1030 Wien,"]
[Date "2025.04.14"]
[Round "2.2"]
[White "Schlossnikl, Caroline"]
[Black "Penker, Dominic"]
[Result "0-1"]
[WhiteElo "1375"]
[BlackElo "1610"]
[PlyCount "120"]
[EventDate "2025.04.14"]

1. e4 e6 2. d4 b6 3. Bd3 Bb7 4. Ne2 Nf6 5. Bg5 h6 6. Bxf6 Qxf6 7. O-O Be7 8.
Nbc3 O-O 9. Qd2 Nc6 10. Qe3 Nb4 11. a3 Nxd3 12. cxd3 c5 13. d5 Rae8 14. Rab1
Bd6 15. Qd2 exd5 16. Nxd5 Qh4 17. Ng3 Bxd5 18. exd5 Re5 19. Rfe1 Rxd5 20. Re4
Qf6 21. Rbe1 Bxg3 22. hxg3 Qd6 23. R4e3 c4 24. Rd1 f5 25. d4 f4 26. Rf3 fxg3
27. Qb4 gxf2+ 28. Kf1 Qxb4 29. axb4 Rxf3 30. gxf3 Rb5 31. Kxf2 Rxb4 32. Rd2 d5
33. Ke3 Kf7 34. Kf4 Kf6 35. Re2 a5 36. Re5 Rxb2 37. Rxd5 c3 38. Ke3 b5 39. Rc5
b4 40. Rxa5 Rd2 41. Rb5 Rd1 42. Rxb4 c2 43. Rc4 c1=Q+ 44. Rxc1 Rxc1 45. d5 Ke5
46. d6 Kxd6 47. Kf4 Rc5 48. Kg4 Ke6 49. Kf4 g5+ 50. Kg4 Ke5 51. Kg3 Rc3 52. Kg4
h5+ 53. Kg3 Kf5 54. Kg2 Kf4 55. Kh2 Rxf3 56. Kg2 Kg4 57. Kh2 Rf2+ 58. Kh1 Kf3
59. Kg1 Kg3 60. Kh1 Rf1# 0-1

[Event "37. Activity-Cup"]
[Site "Tennispoint Vienna, 1030 Wien,"]
[Date "2025.04.14"]
[Round "2.3"]
[White "Wang, Yufan"]
[Black "Geabou-Silveira, Erik-Raphael"]
[Result "1-0"]
[WhiteElo "1529"]
[BlackElo "1360"]
[PlyCount "30"]
[EventDate "2025.04.14"]

1. e4 e5 2. Nf3 Nf6 3. Nxe5 Qe7 4. Nf3 Qxe4+ 5. Be2 Be7 6. Nc3 Qg6 7. O-O O-O
8. d4 Ne8 9. Bd3 Qb6 10. Nd5 Qd6 11. c4 Nc6 12. Bf4 Qe6 13. Re1 Qg4 14. h3 Qxf3
15. Qxf3 Nxd4 1-0

[Event "37. Activity-Cup"]
[Site "Tennispoint Vienna, 1030 Wien,"]
[Date "2025.04.14"]
[Round "2.4"]
[White "Flaggl, Constantin"]
[Black "Brezlan, Noel"]
[Result "1-0"]
[WhiteElo "1347"]
[BlackElo "1515"]
[PlyCount "63"]
[EventDate "2025.04.14"]

1. e4 c5 2. Nf3 Nc6 3. d4 cxd4 4. Nxd4 g6 5. Bb5 Bg7 6. Be3 Nf6 7. Nc3 O-O 8.
O-O d5 9. Nxc6 bxc6 10. Bxc6 Rb8 11. Bxa7 Rxb2 12. exd5 Rb4 13. Re1 Ne4 14.
Nxe4 Bxa1 15. Qxa1 Bf5 16. Ng3 Bxc2 17. Bc5 Rb8 18. Bxe7 Qb6 19. Bxf8 Rxf8 20.
Qc3 Bf5 21. h3 Bc8 22. Re3 Qb1+ 23. Kh2 Qxa2 24. Nh5 f6 25. Nxf6+ Kf7 26. d6
Qxf2 27. Bd5+ Kg7 28. Ng4+ Qf6 29. Re7+ Rf7 30. Rxf7+ Kg8 31. Qxc8+ Qd8 32.
Qxd8# 1-0

[Event "37. Activity-Cup"]
[Site "Tennispoint Vienna, 1030 Wien,"]
[Date "2025.04.14"]
[Round "2.5"]
[White "Tschandl, Julius Henry"]
[Black "Hegedüs, Hugo"]
[Result "0-1"]
[WhiteElo "1474"]
[BlackElo "1338"]
[PlyCount "60"]
[EventDate "2025.04.14"]

1. e4 e5 2. Nf3 Nf6 3. Nc3 Nc6 4. d4 Nxd4 5. Nxd4 exd4 6. Qxd4 d6 7. Bc4 Be6 8.
O-O Qd7 9. Bg5 Be7 10. a4 O-O 11. Rfe1 Bxc4 12. Qxc4 c6 13. Rad1 Qc7 14. Bxf6
Bxf6 15. Nd5 Qd8 16. Nxf6+ Qxf6 17. b4 Rfd8 18. Rd3 Rac8 19. Qd4 Qxd4 20. Rxd4
c5 21. bxc5 Rxc5 22. e5 d5 23. Re2 Kf8 24. f4 g6 25. Kf2 Ke7 26. Red2 Ke6 27.
g4 Rdc8 28. Rxd5 Rxd5 29. f5+ gxf5 30. gxf5+ Kxe5 0-1

[Event "37. Activity-Cup"]
[Site "Tennispoint Vienna, 1030 Wien,"]
[Date "2025.04.14"]
[Round "2.7"]
[White "Knittel-Templ, Arnold"]
[Black "Gottfried, Maximilian"]
[Result "0-1"]
[WhiteElo "1451"]
[BlackElo "1328"]
[Annotator "Königsangriff"]
[PlyCount "128"]
[EventDate "2025.04.14"]

1. d4 c6 2. e4 d5 3. exd5 cxd5 4. Nc3 Nf6 5. Nf3 Bg4 6. h3 Bxf3 7. Qxf3 e6 8.
Be3 Qa5 9. Bc1 Nc6 10. Bb5 Bd6 11. Bxc6+ bxc6 12. Bg5 Be7 13. O-O-O O-O 14. h4
h6 15. Qh3 h5 16. f3 Rfe8 17. g4 hxg4 18. fxg4 Nh7 19. Bxe7 Rxe7 20. h5 Ng5 21.
Qh4 f6 22. h6 g6 23. Rdf1 Rf8 24. Rf2 Qb4 25. Ne2 Ne4 26. c3 Qb5 27. Rg2 Qd3
28. Nf4 Qe3+ 29. Kc2 Qxf4 30. h7+ Kh8 31. Rhh2 Rff7 32. Qh6 Qxh6 33. Rxh6 g5
34. Rh1 Rxh7 35. Re1 Rh3 36. c4 Reh7 37. cxd5 exd5 38. Rge2 Rh2 39. Rxh2 Rxh2+
40. Kb3 Rf2 41. Rc1 Nd2+ 42. Kb4 Nc4 43. b3 a5+ 44. Kc5 Ne3 45. Re1 Rc2+ 46.
Kd6 Nxg4 47. Rh1+ Kg7 48. Ke6 Rh2 49. Rg1 Re2+ 50. Kd6 f5 51. Kxc6 Rxa2 52.
Kxd5 Kf6 53. Rd1 Ne3+ 54. Kc6 Nxd1 55. d5 Rc2+ 56. Kb5 Nc3+ 57. Kxa5 Nxd5 58.
b4 Nxb4 59. Kb6 f4 60. Ka7 f3 61. Ka8 f2 62. Ka7 f1=Q 63. Ka8 Qa6+ 64. Kb8 Rc8#
0-1

[Event "37. Activity-Cup"]
[Site "Tennispoint Vienna, 1030 Wien,"]
[Date "2025.04.14"]
[Round "2.8"]
[White "Brenner, Richard"]
[Black "Sammer, Alisa"]
[Result "0-1"]
[WhiteElo "1336"]
[BlackElo "1300"]
[Annotator "Abzugsschach"]
[PlyCount "68"]
[EventDate "2025.04.14"]

1. e4 c5 2. Nf3 Nc6 3. d4 cxd4 4. Nxd4 Nf6 5. Nc3 e5 6. Nf3 Bc5 7. Bg5 h6 8.
Bh4 O-O 9. Nd5 Be7 10. Bd3 Re8 11. c4 Nb4 12. O-O Nfxd5 13. Bxe7 Nxe7 14. Nxe5
Nxd3 15. Nxd3 Ng6 16. Re1 d6 17. h3 b6 18. Qf3 Bb7 19. Rad1 Re7 20. Nf4 Nxf4
21. Qxf4 Re6 22. f3 Qe7 23. Re2 Rc8 24. b3 a6 25. Red2 Rd8 26. Qe3 b5 27. cxb5
axb5 28. Qb6 Rg6 29. Qxb5 Bc8 30. Qh5 Qa7+ 31. Rf2 Rg5 32. Qh4 Qe7 33. Re1
Rxg2+ 34. Rxg2 Qxh4 0-1

[Event "37. Activity-Cup"]
[Site "Tennispoint Vienna, 1030 Wien,"]
[Date "2025.04.14"]
[Round "2.10"]
[White "Neuhold, Maximilian"]
[Black "Boldog, Konstantin"]
[Result "0-1"]
[WhiteElo "1200"]
[BlackElo "1230"]
[PlyCount "90"]
[EventDate "2025.04.14"]

1. d4 d5 2. Bf4 Nc6 3. Nc3 Nf6 4. e3 Bf5 5. Be2 e6 6. Nf3 Bd6 7. Bxd6 Qxd6 8.
O-O O-O 9. Nb5 Qe7 10. Na3 Qb4 11. Rb1 Qd6 12. Bd3 Bg4 13. h3 Bxf3 14. Qxf3 Nb4
15. Rfc1 Nxa2 16. Rd1 Nb4 17. Rdc1 Rfe8 18. Nb5 Qd7 19. Qg3 Nxd3 20. cxd3 Qxb5
21. Rxc7 Qxd3 22. Rbc1 Qb3 23. Qd6 Rad8 24. Qc6 Qxb2 25. Rc8 h6 26. Rxd8 Rxd8
27. Qc7 Rf8 28. Qc2 Qxc2 29. Rxc2 a5 30. Rb2 Rb8 31. Ra2 b6 32. f3 Ra8 33. Kf2
b5 34. Rb2 b4 35. Ke2 Nd7 36. Kd3 Nb6 37. Kc2 Nc4 38. Rb3 Rb8 39. Kb1 a4 40.
Rd3 b3 41. Rxb3 Rxb3+ 42. Kc1 Rb2 43. e4 a3 44. exd5 a2 45. dxe6 a1=Q# 0-1

[Event "37. Activity-Cup"]
[Site "Tennispoint Vienna, 1030 Wien,"]
[Date "2025.04.14"]
[Round "2.11"]
[White "Leitgeb, Paul"]
[Black "Sponer, Moritz"]
[Result "0-1"]
[WhiteElo "1228"]
[BlackElo "1200"]
[PlyCount "34"]
[EventDate "2025.04.14"]

1. e4 e5 2. Nf3 Nc6 3. Nc3 Nf6 4. Bc4 Bc5 5. Ng5 d5 6. exd5 Ne7 7. d6 Ned5 8.
dxc7 Qxc7 9. Bxd5 Nxd5 10. Nxd5 Qd7 11. Nc3 O-O 12. O-O b6 13. Nce4 Bb7 14.
Nxc5 bxc5 15. c3 h6 16. Nf3 Qg4 17. Nxe5 Qxg2# 0-1

[Event "37. Activity-Cup"]
[Site "Tennispoint Vienna, 1030 Wien,"]
[Date "2025.04.15"]
[Round "3.1"]
[White "Mitu, Robert"]
[Black "Knittel-Templ, Richard"]
[Result "1/2-1/2"]
[WhiteElo "1468"]
[BlackElo "1659"]
[Annotator "Bauernendspiel mit L gegen S"]
[PlyCount "106"]
[EventDate "2025.04.14"]

1. d4 d5 2. c4 c6 3. Nc3 Nf6 4. cxd5 cxd5 5. Bg5 e6 6. e3 Nc6 7. Rc1 Bb4 8. a3
Bd6 9. Na2 a6 10. Bd3 h6 11. Bxf6 Qxf6 12. Qa4 Bd7 13. Bb5 Rc8 14. Bd3 O-O 15.
Nf3 Qe7 16. O-O Nb4 17. Qb3 Nxd3 18. Qxd3 Bb5 19. Qd1 Rxc1 20. Qxc1 Bxf1 21.
Kxf1 Qc7 22. Qxc7 Bxc7 23. Ke2 Rc8 24. Kd3 f6 25. g3 Kf7 26. Nd2 Bd6 27. f4 g5
28. fxg5 hxg5 29. b4 Kg6 30. Nc3 Kh5 31. Nf1 Kg4 32. e4 Rxc3+ 33. Kxc3 dxe4 34.
Kd2 b5 35. Ke3 f5 36. Kf2 f4 37. gxf4 gxf4 38. Kg2 f3+ 39. Kf2 Kh3 40. Nd2 Bxh2
41. Nxe4 Kg4 42. Nc5 Bf4 43. Nxa6 Bc1 44. Nc7 Bxa3 45. Nxe6 Bxb4 46. Nc7 Ba5
47. Nxb5 Bb6 48. Kf1 Kg3 49. d5 f2 50. Nc3 Kf3 51. Nd1 Ke4 52. Nxf2+ Bxf2 53.
Kxf2 Kxd5 1/2-1/2

[Event "37. Activity-Cup"]
[Site "Tennispoint Vienna, 1030 Wien,"]
[Date "2025.04.15"]
[Round "3.2"]
[White "Penker, Dominic"]
[Black "Flaggl, Constantin"]
[Result "1/2-1/2"]
[WhiteElo "1610"]
[BlackElo "1347"]
[PlyCount "50"]
[EventDate "2025.04.14"]

1. d4 d5 2. Bf4 c5 3. e4 dxe4 4. dxc5 Qxd1+ 5. Kxd1 Nc6 6. Nc3 Nf6 7. Nb5 Bg4+
8. f3 Rd8+ 9. Ke1 Bf5 10. Nc7+ Kd7 11. Bb5 e6 12. Rd1+ Kc8 13. Rxd8+ Kxd8 14.
Bxc6 bxc6 15. Na6 Nd5 16. Ne2 exf3 17. gxf3 Bxc2 18. Kd2 Ba4 19. Nc3 Bb5 20.
Nxd5 exd5 21. Nc7 a6 22. b4 Be7 23. Be5 Bf6 24. Bxf6+ gxf6 25. Nxb5 axb5
1/2-1/2

[Event "37. Activity-Cup"]
[Site "Tennispoint Vienna, 1030 Wien,"]
[Date "2025.04.15"]
[Round "3.3"]
[White "Hegedüs, Hugo"]
[Black "Wang, Yufan"]
[Result "1-0"]
[WhiteElo "1338"]
[BlackElo "1529"]
[PlyCount "87"]
[EventDate "2025.04.14"]

1. e4 c6 2. d4 d5 3. exd5 cxd5 4. Bb5+ Nc6 5. h3 Nf6 6. Nc3 e6 7. a3 a6 8.
Bxc6+ bxc6 9. Bg5 c5 10. Nf3 h6 11. Bh4 Be7 12. Qd2 Bb7 13. O-O-O cxd4 14. Qxd4
Rc8 15. Qa4+ Qd7 16. Qxd7+ Nxd7 17. Bxe7 Kxe7 18. Rhe1 Nf6 19. Rd4 Rhd8 20. Rb4
Rd7 21. Na4 Rdc7 22. Nd4 Nd7 23. Nf5+ Kf8 24. Nd6 Rb8 25. Re3 Ba8 26. Rxb8+
Nxb8 27. Rb3 Nd7 28. Nb6 Nxb6 29. Rxb6 Rc6 30. Rb8+ Ke7 31. Nxf7 Kxf7 32. Rxa8
e5 33. Rd8 Ke6 34. Rg8 Kf7 35. Rb8 Rf6 36. f3 Rg6 37. Rb7+ Kf8 38. g4 Rf6 39.
Rb3 Kf7 40. Kd2 Kg6 41. h4 h5 42. Ke2 hxg4 43. fxg4 Rf4 44. Rg3 1-0

[Event "37. Activity-Cup"]
[Site "Tennispoint Vienna, 1030 Wien,"]
[Date "2025.04.15"]
[Round "3.4"]
[White "Gottfried, Maximilian"]
[Black "Brezlan, Noel"]
[Result "0-1"]
[WhiteElo "1328"]
[BlackElo "1515"]
[Annotator "aktive Figuren"]
[PlyCount "162"]
[EventDate "2025.04.14"]

1. e4 c5 2. Nf3 Nc6 3. Bc4 g6 4. d3 Bg7 5. c3 Nf6 6. Bg5 O-O 7. O-O d5 8. Bxf6
dxc4 9. Bxg7 Kxg7 10. dxc4 Qxd1 11. Rxd1 Bg4 12. Nbd2 Ne5 13. Nxe5 Bxd1 14.
Rxd1 a5 15. Nb3 b6 16. a4 f6 17. Nc6 Kf7 18. Rd7 Rfe8 19. Rb7 Ra6 20. Nd2 Rc8
21. Nb8 Ra8 22. Nd7 Rd8 23. Nf1 Ke6 24. Nxb6 Rab8 25. Rxb8 Rxb8 26. Nd5 Rxb2
27. g3 Ra2 28. Nb6 Ra3 29. Ne3 Rxc3 30. Ned5 Rc1+ 31. Kg2 Kf7 32. Nc7 Rb1 33.
Nd7 Rb7 34. Ne6 Rxd7 35. Nxc5 Rc7 36. Nb3 Rxc4 37. Nxa5 Rxa4 38. Nb3 Rxe4 39.
Nd2 Re5 40. Nf3 Ra5 41. Kg1 Ke6 42. Nd2 Kd5 43. Kg2 e5 44. Nb1 Kd4 45. Nd2 Kd3
46. Nb3 Ra8 47. Nc5+ Kc2 48. Ne4 f5 49. Ng5 h6 50. Nf7 e4 51. Nxh6 Kd2 52. Nf7
e3 53. fxe3 Kxe3 54. Ne5 Ra2+ 55. Kh3 g5 56. Nc4+ Kf3 57. Ne5+ Ke4 58. Nf7 g4+
59. Kh4 Rxh2+ 60. Kg5 Rf2 61. Nd6+ Ke3 62. Nxf5+ Rxf5+ 63. Kxg4 Ke4 64. Kh4 Kf3
65. g4 Rf4 66. Kh5 Rxg4 67. Kh6 Kf4 68. Kh5 Kf5 69. Kh6 Rh4+ 70. Kg7 Rh5 71.
Kf7 Rh7+ 72. Kg8 Ra7 73. Kf8 Kf6 74. Ke8 Rb7 75. Kd8 Ke6 76. Kc8 Rh7 77. Kd8
Rg7 78. Kc8 Kd6 79. Kb8 Kc6 80. Ka8 Kb6 81. Kb8 Rg8# 0-1

[Event "37. Activity-Cup"]
[Site "Tennispoint Vienna, 1030 Wien,"]
[Date "2025.04.15"]
[Round "3.5"]
[White "Boldog, Konstantin"]
[Black "Tschandl, Julius Henry"]
[Result "0-1"]
[WhiteElo "1230"]
[BlackElo "1474"]
[PlyCount "106"]
[EventDate "2025.04.14"]

1. e4 c5 2. Nc3 e6 3. Nf3 d5 4. d3 Nc6 5. Be2 Bd6 6. O-O Nge7 7. Nb5 d4 8.
Nxd6+ Qxd6 9. Bd2 e5 10. c3 O-O 11. h3 Kh8 12. cxd4 cxd4 13. a3 f5 14. Bg5 h6
15. Bxe7 Qxe7 16. b4 a5 17. b5 Nd8 18. Qc2 fxe4 19. dxe4 b6 20. Bc4 Bb7 21.
Rfe1 Nf7 22. g3 Nd6 23. Nh4 Rac8 24. Ng6+ Kh7 25. Nxe7 Rxc4 26. Qe2 Bxe4 27.
Qg4 Bf5 28. Qh5 g6 29. Qe2 e4 30. Nxf5 gxf5 31. Qh5 d3 32. Rac1 d2 33. Rcd1
dxe1=Q+ 34. Rxe1 Nxb5 35. Rd1 Rd4 36. a4 Rxd1+ 37. Qxd1 Nc3 38. Qd4 Ne2+ 39.
Kf1 Nxd4 40. Ke1 Rc8 41. Kd2 Rc4 42. Ke3 Rxa4 43. g4 b5 44. Kf4 Rc4 45. gxf5 a4
46. f6 Kg6 47. Ke5 Kf7 48. Kd5 a3 49. f3 a2 50. fxe4 a1=Q 51. e5 Ne6 52. h4 Qa3
53. h5 Qc5# 0-1

[Event "37. Activity-Cup"]
[Site "Tennispoint Vienna, 1030 Wien,"]
[Date "2025.04.15"]
[Round "3.6"]
[White "Dakhane, Aura"]
[Black "Knittel-Templ, Arnold"]
[Result "0-1"]
[WhiteElo "1222"]
[BlackElo "1451"]
[PlyCount "136"]
[EventDate "2025.04.14"]

1. d4 d5 2. e3 Nf6 3. Bd3 e6 4. Nd2 c5 5. c3 Nc6 6. f4 c4 7. Bc2 Be7 8. Ngf3 b5
9. O-O Qc7 10. Ne5 Ba6 11. Qf3 b4 12. cxb4 Nxb4 13. a3 Nxc2 14. Rb1 c3 15. Nb3
Bxf1 16. Kxf1 cxb2 17. Bxb2 Nxa3 18. Rc1 Qb7 19. Rc3 Ne4 20. Rd3 Qxb3 21. Rxb3
Nd2+ 22. Kf2 Nxf3 23. Kxf3 Nc4 24. Nxc4 dxc4 25. Rc3 O-O 26. Rxc4 Rfc8 27. Ra4
h6 28. Ke4 Bf6 29. Ba3 Rc2 30. d5 exd5+ 31. Kxd5 Rxg2 32. Rc4 Rd2+ 33. Ke4 Re8+
34. Kf5 Rd5+ 35. Kg4 h5+ 36. Kf3 Rd3 37. Bc5 Rc3 38. Rxc3 Bxc3 39. Bxa7 Bf6 40.
e4 g5 41. e5 Bd8 42. fxg5 Bxg5 43. Ke4 f6 44. Bd4 fxe5 45. Bxe5 Bf6 46. Kf5
Rxe5+ 47. Kxf6 Ra5 48. Kg6 h4 49. h3 Rd5 50. Kf6 Rd3 51. Kg5 Rxh3 52. Kg6 Rg3+
53. Kf6 Re3 54. Kf5 Kf7 55. Kf4 Re1 56. Kf3 Re5 57. Kf4 Ke6 58. Kf3 Kd5 59. Kg4
h3 60. Kxh3 Rg5 61. Kh4 Rg8 62. Kh5 Ke6 63. Kh6 Kf5 64. Kh7 Rg1 65. Kh6 Rg2 66.
Kh7 Kf6 67. Kh8 Kf7 68. Kh7 Rh2# 0-1